000
00269nam a2200109 a 4500
008
110428s1988|||| d
245
1
0
_a
Nemecko - slovenský slovník frazeologizmov
260
_b
SPN
_a
Bratislava
_c
1988
020
_c
37
041
_a
slo
044
_a
xo
_c
SK
999
_c
19222
_d
19222